[Event "GAMMA Reykjavik Open 2019"]
[Site "Reykjavik ISL"]
[Date "2019.04.09"]
[Round "2.59"]
[White "Laustsen, Lars"]
[Black "Williams, Mike"]
[Result "1-0"]
[WhiteElo "2155"]
[BlackElo "1837"]
[WhiteFideId "1407554"]
[BlackFideId "2060396"]
[EventDate "2019.04.08"]

1. d4 d5 2. c4 c6 3. Nf3 Nf6 4. e3 Bg4 5. h3 Bh5 6. g4 Bg6 7. Ne5 e6 8. Nd2 Nbd7
9. Nxg6 hxg6 10. Bg2 Bd6 11. O-O O-O 12. a3 a5 13. Qb3 Rb8 14. Rd1 Re8 15. e4
Nxe4 16. Nxe4 dxe4 17. Bxe4 Qh4 18. Bg2 e5 19. d5 Nc5 20. Qc2 cxd5 21. Rxd5 Rbd8
22. Be3 Ne6 23. Rad1 Bc7 24. Rxd8 Rxd8 25. Rxd8+ Qxd8 26. Bxb7 Nd4 27. Qe4 Ne2+
28. Kg2 Qd1 29. Qc6 Bd8 30. Qd5 Qg1+ 31. Kf3 Nd4+ 32. Bxd4 Qd1+ 33. Kg2 Qxd4 34.
Qxd4 exd4 35. b4 d3 36. Kf3 Bg5 37. c5 Kf8 38. bxa5 1-0

[Event "GAMMA Reykjavik Open 2019"]
[Site "Reykjavik ISL"]
[Date "2019.04.09"]
[Round "2.60"]
[White "Hardarson, Petur Palmi"]
[Black "Van de Plassche, Erik"]
[Result "1-0"]
[WhiteElo "1808"]
[BlackElo "2136"]
[WhiteFideId "2317605"]
[BlackFideId "1026860"]
[EventDate "2019.04.08"]

1. d4 Nf6 2. c4 c5 3. d5 e6 4. Nc3 exd5 5. cxd5 d6 6. Nf3 g6 7. Bf4 Bg7 8. Qa4+
Bd7 9. Qb3 Qc7 10. e4 O-O 11. Nd2 Nh5 12. Be3 a6 13. a4 Re8 14. Be2 Bd4 15. Bxh5
gxh5 16. Bxd4 cxd4 17. Ne2 f5 18. Nxd4 fxe4 19. O-O Qc5 20. Ne6 Bxe6 21. dxe6
Nc6 22. Qxb7 Ra7 23. Qb3 Rb8 24. e7+ 1-0

[Event "GAMMA Reykjavik Open 2019"]
[Site "Reykjavik ISL"]
[Date "2019.04.09"]
[Round "2.61"]
[White "Walton, Alan J"]
[Black "Carr, Jay"]
[Result "1-0"]
[WhiteTitle "CM"]
[WhiteElo "2132"]
[BlackElo "1832"]
[WhiteFideId "409898"]
[BlackFideId "30922690"]
[EventDate "2019.04.08"]

1. d4 Nf6 2. Bg5 e6 3. e4 h6 4. Bxf6 Qxf6 5. Nc3 d6 6. Bc4 g6 7. Nge2 Bg7 8. O-O
c6 9. f4 d5 10. e5 Qe7 11. Bd3 h5 12. Qe1 b6 13. Nd1 Ba6 14. Qg3 Bxd3 15. Qxd3
O-O 16. Ne3 Nd7 17. Ng3 h4 18. Ne2 c5 19. c3 c4 20. Qc2 Rfe8 21. g4 hxg3 22.
hxg3 g5 23. Kg2 f5 24. Rh1 Rf8 25. Rh5 g4 26. Rah1 Rf7 27. Nxg4 Kf8 28. Ne3 Ke8
29. Ng1 Kd8 30. Nf3 Qe8 31. Ng5 Re7 32. Nxe6+ Rxe6 33. Nxf5 Rg6 34. Ne3 1-0

[Event "GAMMA Reykjavik Open 2019"]
[Site "Reykjavik ISL"]
[Date "2019.04.09"]
[Round "2.63"]
[White "Marttala, Thomas"]
[Black "Ottesen, Oddgeir"]
[Result "1-0"]
[WhiteElo "2131"]
[BlackElo "1813"]
[WhiteFideId "1701118"]
[BlackFideId "2306816"]
[EventDate "2019.04.08"]

1. e4 d6 2. d4 Nf6 3. Nc3 g6 4. f3 Bg7 5. Be3 O-O 6. Qd2 c6 7. Bh6 Nbd7 8. h4
Qa5 9. Nge2 b5 10. Bxg7 Kxg7 11. h5 b4 12. Nd1 Ba6 13. hxg6 fxg6 14. Nf4 Rf7 15.
Bxa6 Qxa6 16. Ne6+ Kg8 17. Nc7 Qb7 18. Nxa8 c5 19. Ne3 Qxa8 20. dxc5 dxc5 21.
O-O-O Qc6 22. Kb1 a5 23. Nc4 Qc7 24. e5 Nxe5 25. Qd8+ 1-0

[Event "GAMMA Reykjavik Open 2019"]
[Site "Reykjavik ISL"]
[Date "2019.04.09"]
[Round "2.64"]
[White "Maroroa, Sue"]
[Black "Eiriksson, Sigurdur"]
[Result "1-0"]
[WhiteTitle "WIM"]
[WhiteElo "2128"]
[BlackElo "1807"]
[WhiteFideId "4301498"]
[BlackFideId "2302314"]
[EventDate "2019.04.08"]

1. e4 c5 2. Nf3 d6 3. c3 Nf6 4. Be2 g6 5. O-O Bg7 6. Bb5+ Bd7 7. Bxd7+ Nbxd7 8.
Re1 O-O 9. d4 cxd4 10. cxd4 e5 11. Nc3 a6 12. Bg5 Qa5 13. Qc2 Rac8 14. Rad1 Rfe8
15. h3 Rc4 16. Qe2 Rcc8 17. dxe5 dxe5 18. Rd6 Re6 19. Red1 Qc7 20. R6d2 h6 21.
Be3 Nf8 22. Nd5 Nxd5 23. exd5 1-0

[Event "GAMMA Reykjavik Open 2019"]
[Site "Reykjavik ISL"]
[Date "2019.04.09"]
[Round "2.65"]
[White "Finnsson, Johann Arnar"]
[Black "Baldursson, Hrannar"]
[Result "0-1"]
[WhiteElo "1776"]
[BlackElo "2122"]
[WhiteFideId "2308240"]
[BlackFideId "2301156"]
[EventDate "2019.04.08"]

1. e4 g6 2. d4 Bg7 3. Nf3 d6 4. Nc3 c6 5. Be2 Nf6 6. O-O O-O 7. Bf4 b5 8. e5 Nh5
9. Qd2 Nxf4 10. Qxf4 Bf5 11. Rac1 Nd7 12. exd6 b4 13. Na4 Qb8 14. c3 exd6 15.
cxb4 Re8 16. Bc4 Qxb4 17. Bb3 Ne5 18. Rfd1 Nxf3+ 19. Qxf3 Bxd4 20. g4 Be6 21.
Bxe6 Rxe6 22. Qxc6 Rae8 23. Rc4 Re1+ 24. Kg2 Qxc4 25. Qxc4 Rxd1 26. Nc3 Bxc3 27.
bxc3 Rd2 28. a4 Ree2 29. Qf4 Rxf2+ 30. Qxf2 Rxf2+ 31. Kxf2 f5 32. g5 Kf7 33. Ke3
Ke6 34. Kd4 d5 35. a5 Kd6 36. a6 Kc6 37. h3 Kd6 38. h4 f4 39. c4 dxc4 40. Kxc4
Ke5 41. Kd3 Kf5 42. Kd4 Kg4 43. Ke4 f3 44. Ke3 Kg3 0-1

[Event "GAMMA Reykjavik Open 2019"]
[Site "Reykjavik ISL"]
[Date "2019.04.09"]
[Round "2.66"]
[White "Stark, Ingo"]
[Black "Leosson, Atli Johann"]
[Result "1/2-1/2"]
[WhiteElo "2120"]
[BlackElo "1796"]
[WhiteFideId "4651413"]
[BlackFideId "2308533"]
[EventDate "2019.04.08"]

1. e4 e5 2. Nf3 Nc6 3. Bb5 a6 4. Ba4 Nf6 5. O-O b5 6. Bb3 Bc5 7. c3 d6 8. d4 Bb6
9. h3 h6 10. dxe5 Nxe5 11. Nxe5 dxe5 12. Qe2 O-O 13. Rd1 Qe7 14. Nd2 Bb7 15. Bc2
Rad8 16. Kh2 Nh7 17. Nf1 Rxd1 18. Bxd1 f5 19. exf5 Rxf5 20. Be3 Ng5 21. Ng3 Rf8
22. Bb3+ Kh8 23. Bxb6 cxb6 24. Qe3 Qf6 25. f3 Qg6 26. Rd1 Qf6 27. Bd5 Rd8 28.
Bb3 Rf8 29. Bd5 Rd8 30. Bb3 1/2-1/2

[Event "GAMMA Reykjavik Open 2019"]
[Site "Reykjavik ISL"]
[Date "2019.04.09"]
[Round "2.67"]
[White "Munshi, Aditya"]
[Black "Halldorsson, Hjorleifur"]
[Result "1-0"]
[WhiteElo "2113"]
[BlackElo "1773"]
[WhiteFideId "436720"]
[BlackFideId "2303647"]
[EventDate "2019.04.08"]

1. e4 e5 2. Nf3 Nc6 3. Bc4 Bc5 4. c3 Nf6 5. d3 O-O 6. O-O d6 7. Nbd2 a6 8. Bb3
Re8 9. h3 Ba7 10. Re1 Bd7 11. Nf1 Ne7 12. Ng3 Ng6 13. d4 c6 14. dxe5 dxe5 15.
Bg5 Bc5 16. Bxf6 gxf6 17. Nh5 Be7 18. Qc1 Be6 19. Rd1 1-0

[Event "GAMMA Reykjavik Open 2019"]
[Site "Reykjavik ISL"]
[Date "2019.04.09"]
[Round "2.68"]
[White "Jonsson, Olafur Gisli"]
[Black "Halldorsson, Bragi"]
[Result "0-1"]
[WhiteElo "1773"]
[BlackElo "2112"]
[WhiteFideId "2302705"]
[BlackFideId "2300907"]
[EventDate "2019.04.08"]

1. d4 c6 2. Nf3 Nf6 3. e3 d5 4. Bd3 Bg4 5. h3 Bh5 6. O-O Nbd7 7. c4 e6 8. Nc3
Bd6 9. Re1 Qc7 10. e4 dxe4 11. Nxe4 Bf4 12. Nxf6+ Nxf6 13. g4 Bg6 14. g5 Nd7 15.
b4 O-O 16. Bxg6 hxg6 17. Re4 Bxc1 18. Rxc1 a5 19. a3 axb4 20. axb4 Qd6 21. Qb3
Ra7 22. c5 Qe7 23. b5 Rfa8 24. bxc6 bxc6 25. Re3 Qd8 26. Rb1 Qc7 27. Qd1 Qf4 28.
Reb3 e5 29. dxe5 Nxe5 30. Rb8+ Kh7 31. Nxe5 Rxb8 32. Rxb8 Qxe5 33. Qd8 Ra1+ 34.
Kg2 Qe4+ 35. Kh2 Qh1+ 36. Kg3 Ra3+ 37. Kf4 Qf3+ 38. Ke5 Qf5+ 39. Kd6 Rd3+ 40.
Kxc6 Rxd8 41. Rxd8 Qxg5 42. Rd7 Qf5 43. Rd8 Qxf2 44. Rf8 f5 45. Kd6 Qd4+ 46. Kc6
f4 47. Rc8 f3 48. Kb7 f2 0-1

[Event "GAMMA Reykjavik Open 2019"]
[Site "Reykjavik ISL"]
[Date "2019.04.09"]
[Round "2.69"]
[White "Maxion, Dirk"]
[Black "Solaroli, Riccardo"]
[Result "1-0"]
[WhiteTitle "FM"]
[WhiteElo "2110"]
[BlackElo "1770"]
[WhiteFideId "4601777"]
[BlackFideId "809810"]
[EventDate "2019.04.08"]

1. e4 Nf6 2. e5 Nd5 3. d4 d6 4. Nf3 dxe5 5. Nxe5 c6 6. Bd3 Nd7 7. Nf3 g6 8. O-O
Bg7 9. Re1 h6 10. c4 Nb4 11. Bf1 O-O 12. Nc3 Nf6 13. Ne5 Bf5 14. a3 Nc2 15. g4
Nxg4 16. Nxg4 Nxa1 17. Nxh6+ Bxh6 18. Bxh6 Nc2 19. Re2 Re8 20. d5 cxd5 21. cxd5
Rc8 22. Re5 e6 23. Rxf5 exf5 24. Qxc2 Qh4 25. Qd2 Kh7 26. Bg5 Qg4+ 27. Bg2 Rc4
28. h3 Qd4 29. Qxd4 Rxd4 30. Be3 Rc4 31. Bf1 Rcc8 32. Bxa7 Rcd8 33. Bb6 Rd6 34.
Bc5 Rf6 35. d6 1-0

[Event "GAMMA Reykjavik Open 2019"]
[Site "Reykjavik ISL"]
[Date "2019.04.09"]
[Round "2.70"]
[White "Opasiak, Dustin Tennessee"]
[Black "Obrien, Matthew"]
[Result "0-1"]
[WhiteElo "1768"]
[BlackElo "2110"]
[WhiteFideId "24630217"]
[BlackFideId "2059150"]
[EventDate "2019.04.08"]

1. Nf3 Nf6 2. g3 g6 3. Bg2 Bg7 4. O-O O-O 5. d3 d6 6. e4 c5 7. a4 Nc6 8. c3 Rb8
9. Nbd2 e5 10. Nc4 h6 11. Be3 Be6 12. Nfd2 Ng4 13. Qe2 Nxe3 14. Nxe3 Ne7 15. h3
Qd7 16. Kh2 f5 17. f3 f4 18. Nec4 fxg3+ 19. Kxg3 h5 20. Rg1 Kh7 21. a5 Bh6 22.
Kf2 Bg5 23. Rh1 Bh4+ 24. Kg1 b5 25. axb6 axb6 26. Kh2 Bg5 27. Ra6 Bf4+ 28. Kg1
Nc8 29. Kf2 h4 30. Rha1 Bxh3 31. Ra8 Rxa8 32. Rxa8 Bxg2 33. Kxg2 Qb7 34. Ra1 Kg7
35. Ne3 Ne7 36. Ng4 Ra8 37. Rxa8 Qxa8 38. Nc4 b5 39. Nce3 Qa1 40. Nd1 Qc1 41.
Kh3 g5 42. Nge3 Bxe3 43. Nxe3 Qg1 44. Ng2 Ng6 45. Qe1 Nf4+ 46. Kg4 Qxg2+ 47. Kf5
Qh3+ 0-1

[Event "GAMMA Reykjavik Open 2019"]
[Site "Reykjavik ISL"]
[Date "2019.04.09"]
[Round "2.71"]
[White "Chilton, James I"]
[Black "Schwerteck, Michael"]
[Result "0-1"]
[WhiteElo "1747"]
[BlackElo "2099"]
[WhiteFideId "423009"]
[BlackFideId "4687078"]
[EventDate "2019.04.08"]

1. d4 d5 2. c4 e6 3. Nf3 Nf6 4. Bf4 c5 5. e3 cxd4 6. Nxd4 dxc4 7. Nc3 Nd5 8.
Ndb5 Nxf4 9. Qxd8+ Kxd8 10. exf4 a6 11. O-O-O+ Bd7 12. Nd6 Bxd6 13. Rxd6 Ke7 14.
Rb6 Bc6 15. Bxc4 Nd7 16. Rb4 Rac8 17. Be2 Bxg2 18. Rg1 Bc6 19. Rxg7 Nf6 20. f5
Nd5 21. Rc4 Kf6 22. Rcg4 exf5 23. R4g5 Nf4 24. Bc4 Ng6 25. R5xg6+ fxg6 26. Rf7+
Kg5 27. Ne2 Bd5 28. f4+ Kg4 29. h3+ Kxh3 30. Ng1+ Kg2 0-1

[Event "GAMMA Reykjavik Open 2019"]
[Site "Reykjavik ISL"]
[Date "2019.04.09"]
[Round "2.72"]
[White "Birkisson, Bjorn Holm"]
[Black "De Winter, Eric"]
[Result "1-0"]
[WhiteElo "2094"]
[BlackElo "1741"]
[WhiteFideId "2310600"]
[BlackFideId "1033069"]
[EventDate "2019.04.08"]

1. c4 c5 2. Nf3 Nc6 3. Nc3 g6 4. e3 Bg7 5. d4 cxd4 6. exd4 e6 7. d5 exd5 8. cxd5
Qe7+ 9. Be2 Ne5 10. Nxe5 Bxe5 11. O-O a6 12. Re1 Kf8 13. f4 Bxc3 14. d6 Qd8 15.
bxc3 b5 16. Qd4 Qf6 17. Be3 Qxd4 18. Bxd4 Nf6 19. Bf3 Rb8 20. Ba7 Rb7 21. Bxb7
Bxb7 22. Bd4 Bd5 23. a4 Bc4 24. axb5 Bxb5 25. c4 Bxc4 26. Rac1 Bb5 27. Bxf6 1-0

[Event "GAMMA Reykjavik Open 2019"]
[Site "Reykjavik ISL"]
[Date "2019.04.09"]
[Round "2.73"]
[White "Mai, Aron Thor"]
[Black "Pedersen, Soren Sandmann"]
[Result "0-1"]
[WhiteElo "2067"]
[BlackElo "1724"]
[WhiteFideId "2313383"]
[BlackFideId "30929717"]
[EventDate "2019.04.08"]

1. g3 d5 2. Bg2 Nf6 3. d3 c6 4. Nd2 e5 5. a3 a5 6. b3 Bd6 7. Bb2 O-O 8. e3 Re8
9. Ne2 Be6 10. Nf3 Bc8 11. h3 Nbd7 12. d4 a4 13. b4 e4 14. Nh2 b5 15. Nf4 Nb6
16. Bc3 Nc4 17. Nf1 Be6 18. Nxe6 fxe6 19. Nh2 Qc7 20. O-O Rf8 21. Re1 Rf7 22.
Nf1 Nd7 23. Qg4 Rf6 24. h4 Raf8 25. Re2 Ndb6 26. Qh3 Qf7 27. Be1 Nd7 28. c3 h5
29. Raa2 Rf5 30. Qh1 Nf6 31. Nd2 Nxd2 32. Raxd2 Ng4 33. Bh3 Bxg3 34. Bxg4 hxg4
35. Qg2 Bxh4 36. Qh2 Rh5 37. Qf4 Qe7 38. Qh2 Bxf2+ 39. Qxf2 Rxf2 40. Bxf2 Qf6
41. Bg3 Qf3 42. Rg2 Qxe3+ 43. Rdf2 Qxc3 44. Be5 e3 45. Rf4 Qc1+ 46. Rf1 Rh1+ 47.
Kxh1 Qxf1+ 48. Kh2 e2 49. Rxg4 Qf2+ 50. Kh3 Qf3+ 51. Rg3 Qf5+ 52. Kh2 Qxe5 53.
dxe5 e1=Q 54. Kg2 Qxe5 55. Kh1 Qe1+ 56. Kh2 Qxg3+ 0-1

[Event "GAMMA Reykjavik Open 2019"]
[Site "Reykjavik ISL"]
[Date "2019.04.09"]
[Round "2.74"]
[White "Huber-Delle, Guenther"]
[Black "Danielsen, Arne"]
[Result "0-1"]
[WhiteElo "1732"]
[BlackElo "2065"]
[WhiteFideId "30904056"]
[BlackFideId "1501968"]
[EventDate "2019.04.08"]

1. e4 c5 2. Nf3 Nc6 3. d4 cxd4 4. Nxd4 g6 5. Nc3 Bg7 6. Be3 Nf6 7. Be2 O-O 8.
O-O d5 9. Nxc6 bxc6 10. exd5 cxd5 11. Bf3 e6 12. Bd4 Ba6 13. Re1 Qd7 14. Qd2
Rfc8 15. h4 Rc4 16. h5 Ne4 17. Bxe4 Rxd4 18. Qg5 h6 19. Qg3 dxe4 20. Nxe4 Qd5
21. hxg6 Rxe4 22. gxf7+ Kh8 23. Qg6 Qf5 24. Qxf5 exf5 25. f3 Rxe1+ 26. Rxe1 Bd4+
27. Kh1 Rf8 28. c4 Bb6 0-1

[Event "GAMMA Reykjavik Open 2019"]
[Site "Reykjavik ISL"]
[Date "2019.04.09"]
[Round "2.75"]
[White "Heidarsson, Arnar"]
[Black "Smith, Daniel"]
[Result "0-1"]
[WhiteElo "1726"]
[BlackElo "2047"]
[WhiteFideId "2312875"]
[BlackFideId "2024195"]
[EventDate "2019.04.08"]

1. d4 Nf6 2. c4 Nc6 3. Nc3 e5 4. d5 Ne7 5. e4 Ng6 6. Be3 Bb4 7. Qd3 d6 8. Be2
Nh4 9. Kf1 O-O 10. Nf3 Ng6 11. g3 Bh3+ 12. Kg1 h6 13. Bf1 Qd7 14. Bxh3 Qxh3 15.
Nd2 Nh7 16. Qf1 Qd7 17. Kg2 Bxc3 18. bxc3 f5 19. exf5 Rxf5 20. Qd3 Raf8 21. c5
Qf7 22. Rhf1 Nf4+ 23. Bxf4 exf4 24. c4 f3+ 25. Kh1 Qh5 26. Rfe1 Nf6 27. Qf1 Ng4
28. h3 Nxf2+ 29. Qxf2 Qxh3+ 30. Qh2 Rh5 31. Qxh3 Rxh3+ 32. Kg1 f2+ 33. Kg2
fxe1=Q 34. Rxe1 Rh5 35. cxd6 cxd6 36. Re6 Re5 37. Rxe5 dxe5 38. Ne4 b6 39. Nd6
Kh7 40. Nb5 Rf7 41. a4 a5 42. Nd6 Rf8 43. Ne4 Kg6 44. g4 Rf4 45. Nd6 Rxg4+ 0-1

[Event "GAMMA Reykjavik Open 2019"]
[Site "Reykjavik ISL"]
[Date "2019.04.09"]
[Round "2.76"]
[White "Johannesson, Haki"]
[Black "Botez, Alexandra"]
[Result "0-1"]
[BlackTitle "WFM"]
[WhiteElo "1695"]
[BlackElo "2033"]
[WhiteFideId "2304694"]
[BlackFideId "2603365"]
[EventDate "2019.04.08"]

1. e4 e6 2. Nf3 d5 3. exd5 exd5 4. d4 Nf6 5. Bd3 c5 6. Bb5+ Nc6 7. O-O Be7 8.
Ne5 Qb6 9. Bxc6+ bxc6 10. dxc5 Bxc5 11. Nd3 Bd6 12. Be3 Qb8 13. h3 O-O 14. Nd2
Ba6 15. Nb3 Ne4 16. Re1 f5 17. Ndc5 Bc8 18. Nxe4 fxe4 19. Rb1 Rf6 20. Bc5 Rg6
21. Bxd6 Qxd6 22. Re3 c5 23. c3 Ba6 24. Qd2 Bd3 25. Rd1 Rf8 26. Nc1 d4 27. cxd4
cxd4 28. Rg3 Rxf2 29. Qxf2 Rxg3 30. Nxd3 Rxd3 31. Rxd3 exd3 32. Qd2 Qg3 33. Kf1
Qe3 34. Qd1 d2 35. Qe2 g6 36. b4 Kf7 37. g4 Qc3 38. Qd1 Qc1 0-1

[Event "GAMMA Reykjavik Open 2019"]
[Site "Reykjavik ISL"]
[Date "2019.04.09"]
[Round "2.77"]
[White "Haraldsson, Haraldur"]
[Black "Geirsson, Kristjan"]
[Result "1-0"]
[WhiteElo "2027"]
[BlackElo "1679"]
[WhiteFideId "2311100"]
[BlackFideId "2313596"]
[EventDate "2019.04.08"]

1. e4 e5 2. Nf3 Nc6 3. Bc4 Nf6 4. d3 Bc5 5. O-O d6 6. h3 Be6 7. Bb5 O-O 8. c3 a6
9. Ba4 Ba7 10. Be3 b5 11. Bc2 d5 12. Bxa7 Rxa7 13. a4 Qd6 14. Qe2 d4 15. axb5
dxc3 16. bxc6 cxb2 17. Ra4 Rb8 18. d4 1-0

[Event "GAMMA Reykjavik Open 2019"]
[Site "Reykjavik ISL"]
[Date "2019.04.09"]
[Round "2.78"]
[White "Akeya-Price, Robert"]
[Black "Aasen, Joakim"]
[Result "1-0"]
[WhiteElo "1931"]
[BlackElo "1645"]
[WhiteFideId "430510"]
[BlackFideId "1539078"]
[EventDate "2019.04.08"]

1. d4 Nf6 2. c4 c5 3. d5 b5 4. cxb5 a6 5. bxa6 g6 6. Nc3 Bg7 7. Nf3 O-O 8. g3 d6
9. Bg2 Bf5 10. Nd2 Nxa6 11. e4 Bd7 12. a3 Nc7 13. O-O Nb5 14. Nxb5 Bxb5 15. Re1
Nd7 16. Bf1 Bxf1 17. Kxf1 Ne5 18. Qc2 Qd7 19. Kg2 Qb5 20. Re3 Ng4 21. Rf3 Qe2
22. Qd3 Qxd3 23. Rxd3 Rfb8 24. Rb1 Ra4 25. b3 Ra6 26. Nc4 Ne5 27. Nxe5 Bxe5 28.
b4 cxb4 29. axb4 Ra4 30. Bd2 Rb5 31. f4 Bg7 32. Kf3 f5 33. Re1 Kf7 34. e5 Ra7
35. Bc3 Ra3 36. Red1 h6 37. e6+ Kg8 38. Bxg7 Rxd3+ 39. Rxd3 Kxg7 40. Rd4 Kf6 41.
Ke3 g5 42. Kd3 Rb8 43. Kc4 Kg6 44. b5 gxf4 45. Rxf4 h5 46. Kb4 Kf6 47. Rd4 Ke5
48. Rd2 h4 49. Ka5 hxg3 50. hxg3 Ra8+ 51. Kb6 Ra3 52. Kc7 Rxg3 53. b6 Rc3+ 54.
Kd7 Rb3 55. Kxe7 Rxb6 56. Kf7 f4 57. e7 Rb7 58. Kf8 Rb8+ 59. e8=Q+ Rxe8+ 60.
Kxe8 f3 61. Ke7 f2 62. Rxf2 Kxd5 63. Rd2+ 1-0

[Event "GAMMA Reykjavik Open 2019"]
[Site "Reykjavik ISL"]
[Date "2019.04.09"]
[Round "2.79"]
[White "Hadzikaric, Mirsad"]
[Black "Schultze, Joerg-Martin"]
[Result "1-0"]
[WhiteElo "1646"]
[BlackElo "2000"]
[WhiteFideId "636568"]
[BlackFideId "12972070"]
[EventDate "2019.04.08"]

1. g4 d5 2. Bg2 c6 3. Bh3 e5 4. d4 Qh4 5. dxe5 Bc5 6. e3 h5 7. Nc3 Ne7 8. Bd2
hxg4 9. Bg2 b6 10. Qe2 Ba6 11. Qd1 Nf5 12. Nge2 Bxe3 13. Ng3 Nxg3 14. fxg3 Qg5
15. Bf1 Bxd2+ 16. Qxd2 Qxe5+ 17. Be2 Bxe2 18. Nxe2 Nd7 19. O-O-O Nf6 20. Nd4 Ne4
21. Nxc6 Nxd2 22. Nxe5 Ne4 23. Rxd5 Rd8 24. Rxd8+ 1-0

[Event "GAMMA Reykjavik Open 2019"]
[Site "Reykjavik ISL"]
[Date "2019.04.09"]
[Round "2.80"]
[White "Hentze, Jakob"]
[Black "Svergina, Sofya"]
[Result "0-1"]
[BlackTitle "WCM"]
[WhiteElo "1878"]
[BlackElo "1495"]
[WhiteFideId "16249879"]
[BlackFideId "24276120"]
[EventDate "2019.04.08"]

1. d4 Nf6 2. c4 e6 3. Nc3 Bb4 4. e3 d5 5. a3 Be7 6. Bd3 O-O 7. Nge2 c6 8. O-O
Nbd7 9. Ng3 e5 10. cxd5 cxd5 11. dxe5 Nxe5 12. Bf5 Be6 13. Nce2 Nc6 14. b4 a6
15. Bb2 Qd7 16. Qd3 g6 17. Bxe6 fxe6 18. e4 dxe4 19. Qxd7 Nxd7 20. Nxe4 Nb6 21.
Rac1 Rad8 22. g3 Kf7 23. Rfd1 h6 24. Nf4 Na4 25. Ba1 g5 26. Nd3 Kg6 27. Kg2 Rf5
28. Rd2 Rfd5 29. Rcd1 Nb6 30. Ne5+ Nxe5 31. Bxe5 Rxe5 32. Rxd8 Bxd8 33. Rxd8
Rxe4 34. Rb8 Nc4 35. Kf3 Re5 0-1

[Event "GAMMA Reykjavik Open 2019"]
[Site "Reykjavik ISL"]
[Date "2019.04.09"]
[Round "2.81"]
[White "Aasen, Kjetil Myrlid"]
[Black "Haile, Batel Goitom"]
[Result "1-0"]
[WhiteElo "1861"]
[BlackElo "1582"]
[WhiteFideId "1539027"]
[BlackFideId "2315190"]
[EventDate "2019.04.08"]

1. e4 c5 2. d4 cxd4 3. c3 dxc3 4. Nxc3 e6 5. Nf3 Nc6 6. Bc4 Be7 7. O-O d6 8. Qe2
Nf6 9. Rd1 e5 10. h3 O-O 11. Be3 a6 12. a4 Qc7 13. Rac1 Be6 14. Nd5 Bxd5 15.
exd5 Na7 16. Bxa6 Qd7 17. Bc4 Rfc8 18. a5 Bd8 19. b4 Rcb8 20. Bxa7 Rxa7 21. Bb5
Qe7 22. Qe3 Raa8 23. Qb3 Ne8 24. Nd2 Nc7 25. Be2 b5 26. axb6 Rxb6 27. Rc6 Raa6
28. Rxb6 Rxb6 29. Nc4 Rb8 30. Na5 Qd7 31. Nc6 Ra8 32. b5 Ne8 33. b6 Qb7 34. Rb1
Nf6 35. Qb5 Nd7 36. Nxd8 Rxd8 37. Qc6 Nc5 38. Ra1 Rb8 39. Qxd6 Qxb6 40. Qxb6
Rxb6 41. Ra8+ Rb8 42. Rxb8# 1-0

[Event "GAMMA Reykjavik Open 2019"]
[Site "Reykjavik ISL"]
[Date "2019.04.09"]
[Round "2.82"]
[White "Ontiveros, John"]
[Black "Tinguely, Frederic"]
[Result "1-0"]
[WhiteElo "1697"]
[BlackElo "1729"]
[WhiteFideId "2303981"]
[BlackFideId "1339303"]
[EventDate "2019.04.08"]

1. d4 e6 2. c4 b6 3. Nc3 Bb7 4. Bf4 Bb4 5. Qc2 f5 6. a3 Bxc3+ 7. Qxc3 Nf6 8. Qg3
Nh5 9. Qe3 Nxf4 10. Qxf4 O-O 11. Nf3 d6 12. e3 Nd7 13. Bd3 e5 14. Qg3 e4 15. Bc2
exf3 16. gxf3 Rf6 17. O-O-O Rg6 18. Qh3 Qf6 19. Bxf5 Rh6 20. Qg4 Rh4 21. Qg3
Qxf5 22. Qxh4 Bxf3 23. e4 Qf6 24. Qh3 Nf8 25. Rhg1 Bxd1 26. Rxd1 Qxf2 27. e5
Qf4+ 28. Kb1 dxe5 29. Rg1 exd4 30. Qg2 Qf5+ 31. Ka2 Qg6 32. Qd5+ Qe6 33. Qxa8
Qxc4+ 34. Ka1 d3 35. Rf1 Qc5 36. Qd8 Qd6 37. Qxd6 cxd6 38. Rf3 g5 39. Rxd3 Kg7
40. Rxd6 h5 41. Kb1 g4 42. Kc2 Ng6 43. Kd2 Kh6 44. Ke3 Kg5 45. a4 Nh4 46. Rd5+
Kg6 47. Kf4 Ng2+ 48. Kg3 Ne3 49. Rd7 Nf1+ 50. Kg2 Ne3+ 51. Kg1 Kg5 52. Rxa7 Kh4
53. Re7 Nf5 54. Re6 Nd4 55. Rxb6 Kh3 56. a5 h4 57. a6 Nf3+ 58. Kf2 Nxh2 59. Rb3+
g3+ 60. Kg1 Nf1 61. a7 Nd2 62. a8=Q Ne4 63. Qc8# 1-0

[Event "GAMMA Reykjavik Open 2019"]
[Site "Reykjavik ISL"]
[Date "2019.04.09"]
[Round "2.84"]
[White "Kuehnemund, Lutz"]
[Black "Jonsson, Kristjan Dagur"]
[Result "1-0"]
[WhiteElo "1979"]
[BlackElo "1487"]
[WhiteFideId "24695890"]
[BlackFideId "2313413"]
[EventDate "2019.04.08"]

1. b4 d5 2. Bb2 Bf5 3. e3 Nd7 4. Nf3 f6 5. c4 c6 6. Nc3 Nb6 7. c5 Nd7 8. Nd4 Nh6
9. Nxf5 Nxf5 10. Bd3 e6 11. f4 a5 12. a3 axb4 13. axb4 d4 14. exd4 Rxa1 15. Qxa1
Nxd4 16. O-O Nb3 17. Qe1 e5 18. Bc4 Ndxc5 19. bxc5 Qd4+ 20. Kh1 Qxc4 21. fxe5
fxe5 22. Qxe5+ Kd7 23. Qf5+ Kd8 24. Ne4 Qd5 25. Qf4 Nxc5 26. Nxc5 Bxc5 27. Qb8+
Kd7 28. Qxh8 Qxd2 29. Qxg7+ Be7 30. Qg4+ Kc7 31. Be5+ Bd6 32. Bxd6+ Qxd6 33.
Qg7+ Kb6 34. Rb1+ Kc5 35. Qc3+ Kd5 36. Rd1+ 1-0

[Event "GAMMA Reykjavik Open 2019"]
[Site "Reykjavik ISL"]
[Date "2019.04.09"]
[Round "2.85"]
[White "Valtysson, Thor"]
[Black "Sigurvaldason, Hjalmar"]
[Result "1-0"]
[WhiteElo "1915"]
[BlackElo "1467"]
[WhiteFideId "2301903"]
[BlackFideId "2306018"]
[EventDate "2019.04.08"]

1. d4 Nf6 2. Nf3 d5 3. c4 e6 4. g3 c6 5. Qc2 Ne4 6. Bg2 Bb4+ 7. Nbd2 Nd7 8. O-O
f5 9. a3 Bd6 10. b4 O-O 11. Bb2 Qe8 12. Ne5 Bxe5 13. dxe5 Qg6 14. Nf3 Rd8 15.
Rad1 Nf8 16. Nd2 Bd7 17. f3 Nxd2 18. Rxd2 Qe8 19. e4 fxe4 20. fxe4 Rab8 21. exd5
exd5 22. cxd5 cxd5 23. Bxd5+ Be6 24. Rfd1 Bxd5 25. Rxd5 Rxd5 26. Rxd5 Ne6 27.
Rd6 Rd8 28. Qd3 Rxd6 29. exd6 a6 30. d7 Qd8 31. Qd5 Qb6+ 32. Bd4 1-0